[Event "Nuremberg-ch op 03rd"]
[Site "Nuremberg"]
[Date "2003.06.01"]
[Round "4"]
[White "Zabarskij, Oleg"]
[Black "Baryczka, Anita"]
[Result "0-1"]
[WhiteElo "1742"]
[BlackElo "1887"]
[PlyCount "60"]
[EventDate "2003.05.30"]
[EventType "swiss"]
[EventRounds "5"]
[EventCountry "GER"]
[SourceTitle "EXT 2006"]
[Source "ChessBase"]
[SourceDate "2005.11.24"]
[SourceVersion "1"]
[SourceVersionDate "2005.11.24"]
[SourceQuality "1"]

1. e4 e5 2. d4 exd4 3. Qxd4 Nc6 4. Qe3 d6 5. Bd2 a6 6. a3 Be6 7. Nc3 g6 8. f4 Bg7 9. Nf3 Nge7 10. Bd3 0-0 11. 0-0 f5 12. e5 dxe5 13. fxe5 Nd5 14. Qe1 Qe7 15. Qg3 f4 16. Qf2 Nxe5 17. Nxe5 Bxe5 18. Rae1 Qf6 19. Qe2 Bd4+ 20. Kh1 Rae8 21. Ne4 Qg7 22. Qf3 Ne3 23. Bxe3 Bxe3 24. b3 Qd7 25. Qd1 Bd5 26. h3 Kh8 27. Rxe3 fxe3 28. Rxf8+ Rxf8 29. Qe2 Bxe4 30. Bxe4 Qd2 0-1

[Event "Nuremberg-ch op 03rd"]
[Site "Nuremberg"]
[Date "2003.05.30"]
[Round "1"]
[White "Riexinger, Martin"]
[Black "Zabarskij, Oleg"]
[Result "1/2-1/2"]
[WhiteElo "1220"]
[BlackElo "1742"]
[PlyCount "115"]
[EventDate "2003.05.30"]
[EventType "swiss"]
[EventRounds "5"]
[EventCountry "GER"]
[SourceTitle "EXT 2006"]
[Source "ChessBase"]
[SourceDate "2005.11.24"]
[SourceVersion "1"]
[SourceVersionDate "2005.11.24"]
[SourceQuality "1"]

1. d4 f5 2. c4 Nf6 3. Nc3 c6 4. Bg5 e6 5. f3 Be7 6. Bxf6 Bxf6 7. e4 fxe4 8. fxe4 0-0 9. b4 Qb6 10. Nf3 Qxb4 11. Qc2 Qa5 12. Bd3 Qh5 13. 0-0 d6 14. Rae1 e5 15. d5 Na6 16. Qf2 Bd7 17. c5 Nxc5 18. Bc4 Kh8 19. Nd2 Qe8 20. Re3 b5 21. dxc6 bxc4 22. cxd7 Qxd7 23. Nxc4 Be7 24. Rf3 Rxf3 25. Qxf3 g6 26. Rd1 Rf8 27. Qg3 Qe6 28. Ne3 Rf4 29. Ned5 Rf7 30. Nxe7 Rxe7 31. Rf1 Rf7 32. Rxf7 Qxf7 33. Qh4 Nd3 34. h3 Qf8 35. Nb5 Nf4 36. Qf2 Kg7 37. Kh2 a6 38. Nc7 Qc8 39. g3 Qxc7 40. gxf4 exf4 41. Qxf4 Qc2+ 42. Kg3 Qc5 43. Qf1 Qe5+ 44. Kf2 Qxe4 45. Qxa6 Qf4+ 46. Kg2 Qd2+ 47. Kf3 Kf6 48. Qe2 Qd5+ 49. Kf2 Qf5+ 50. Qf3 Qxf3+ 51. Kxf3 Ke7 52. Ke4 Kd7 53. Kd5 g5 54. a4 Kc7 55. a5 h5 56. Ke4 d5+ 57. Kxd5 g4 58. hxg4 1/2-1/2

[Event "Pyramiden Franken Cup 5th"]
[Site "Fuerth"]
[Date "2002.09.07"]
[Round "8"]
[White "Zabarskij, Oleg"]
[Black "Walter, Thomas"]
[Result "1/2-1/2"]
[WhiteElo "1807"]
[BlackElo "2007"]
[PlyCount "106"]
[EventDate "2002.08.31"]
[EventType "swiss"]
[EventRounds "9"]
[EventCountry "GER"]
[SourceTitle "CBM 090 Extra"]
[Source "ChessBase"]
[SourceDate "2002.11.07"]
[SourceVersion "1"]
[SourceVersionDate "2002.11.07"]
[SourceQuality "1"]

1. e4 c5 2. d4 cxd4 3. Qxd4 Nc6 4. Qe3 Nf6 5. Nc3 d6 6. Bd2 g6 7. h3 Bg7 8. 0-0-0 Be6 9. f4 h5 10. Nf3 Nd7 11. Ng5 Nc5 12. Nxe6 Nxe6 13. Nd5 Rc8 14. Bd3 Nc5 15. Bc3 Bxc3 16. Nxc3 Qa5 17. a3 a6 18. e5 dxe5 19. fxe5 Nxe5 20. Be2 0-0 21. Kb1 Ncd7 22. Rd2 e6 23. Rhd1 Nf6 24. Rf1 Nh7 25. g4 Nc4 26. Bxc4 Rxc4 27. Rd7 hxg4 28. hxg4 Qg5 29. Qb6 Qxg4 30. Qxb7 Ng5 31. Qxa6 Rfc8 32. Qd6 Qg2 33. Rd8+ Kh7 34. Rc1 Rxd8 35. Qxd8 Ne4 36. Nxe4 Qxe4 37. Qe7 Kg7 38. Qd6 Qd4 39. Qb8 Qd5 40. Qh2 g5 41. Rg1 f6 42. b3 Rd4 43. a4 Rd2 44. Qc7+ Kg6 45. a5 Qb5 46. Kb2 Rd7 47. Qc3 Rb7 48. Ra1 f5 49. a6 Ra7 50. Qc8 Qe5+ 51. Kb1 Qe1+ 52. Kb2 Qe5+ 53. Kb1 Qe1+ 1/2-1/2

[Event "Pyramiden Franken Cup 5th"]
[Site "Fuerth"]
[Date "2002.09.06"]
[Round "7"]
[White "Hohner, Karl Heinz"]
[Black "Zabarskij, Oleg"]
[Result "1-0"]
[WhiteElo "2030"]
[BlackElo "1807"]
[PlyCount "89"]
[EventDate "2002.08.31"]
[EventType "swiss"]
[EventRounds "9"]
[EventCountry "GER"]
[SourceTitle "CBM 090 Extra"]
[Source "ChessBase"]
[SourceDate "2002.11.07"]
[SourceVersion "1"]
[SourceVersionDate "2002.11.07"]
[SourceQuality "1"]

1. d4 f5 2. e4 fxe4 3. Nc3 Nf6 4. Bg5 e6 5. Nxe4 Be7 6. Ng3 g6 7. Bd3 d5 8. h4 Rf8 9. Bh6 Rf7 10. h5 gxh5 11. Nxh5 Kd7 12. Qe2 Kc6 13. Nxf6 Bxf6 14. Nf3 Qd6 15. 0-0-0 Nd7 16. c4 b6 17. Kb1 a5 18. g3 Re7 19. cxd5+ exd5 20. Bb5+ Kb7 21. Qc2 c5 22. Bf4 Qe6 23. Rhe1 Qf7 24. Qa4 Nb8 25. Bxb8 Kxb8 26. Bc6 Raa7 27. Rxe7 Rxe7 28. Qb3 Ka7 29. dxc5 bxc5 30. Qb5 Qg6+ 31. Kc1 Bg5+ 32. Nxg5 Qxg5+ 33. f4 Qf6 34. Qxa5+ Ba6 35. Qxc5+ Kb8 36. Qb6+ Bb7 37. Qd8+ Ka7 38. Bxb7 Kxb7 39. Qxd5+ Kb8 40. Qd6+ Rc7+ 41. Kb1 Qf5+ 42. Qd3 Qg4 43. Re1 Rd7 44. Qb5+ Ka7 45. Qa4+ 1-0

[Event "Pyramiden Franken Cup 5th"]
[Site "Fuerth"]
[Date "2002.09.02"]
[Round "3"]
[White "Lauer, Moritz"]
[Black "Zabarskij, Oleg"]
[Result "1-0"]
[WhiteElo "2126"]
[BlackElo "1807"]
[PlyCount "85"]
[EventDate "2002.08.31"]
[EventType "swiss"]
[EventRounds "9"]
[EventCountry "GER"]
[SourceTitle "CBM 090 Extra"]
[Source "ChessBase"]
[SourceDate "2002.11.07"]
[SourceVersion "1"]
[SourceVersionDate "2002.11.07"]
[SourceQuality "1"]

1. e4 e5 2. Nf3 d6 3. d4 Qe7 4. Nc3 c6 5. Bg5 f6 6. Bh4 Bg4 7. dxe5 dxe5 8. h3 Bh5 9. Be2 Nd7 10. Nxe5 Bxe2 11. Qxd7+ Qxd7 12. Nxd7 Bb4 13. Nxf6+ gxf6 14. Kxe2 Bxc3 15. bxc3 Kf7 16. Rhd1 Ne7 17. Rd7 Rab8 18. Rb1 b5 19. Rbd1 Rhe8 20. Rxa7 Ra8 21. Rdd7 Rxa7 22. Rxa7 Kg6 23. Kf3 h5 24. Rc7 Kf7 25. e5 Kg6 26. Bxf6 Nd5 27. Rxc6 Nxf6 28. Rxf6+ Kg7 29. Rf5 Rc8 30. Ke2 Rxc3 31. Kd2 Ra3 32. e6 Ra8 33. Rxb5 Rxa2 34. Rxh5 Kf6 35. Rh6+ Ke7 36. f4 Ra4 37. f5 Rf4 38. g4 Rf2+ 39. Kd3 Rf3+ 40. Ke4 Rc3 41. Rh7+ Ke8 42. f6 Rxc2 43. Rh8# 1-0

[Event "Pyramiden Franken Cup 5th"]
[Site "Fuerth"]
[Date "2002.09.01"]
[Round "2"]
[White "Zabarskij, Oleg"]
[Black "Grafl, Florian"]
[Result "0-1"]
[WhiteElo "1807"]
[BlackElo "2351"]
[PlyCount "36"]
[EventDate "2002.08.31"]
[EventType "swiss"]
[EventRounds "9"]
[EventCountry "GER"]
[SourceTitle "CBM 090 Extra"]
[Source "ChessBase"]
[SourceDate "2002.11.07"]
[SourceVersion "1"]
[SourceVersionDate "2002.11.07"]
[SourceQuality "1"]

1. e4 c5 2. d4 cxd4 3. Qxd4 Nc6 4. Qe3 Nf6 5. Nc3 e5 6. Bd2 d5 7. exd5 Nxd5 8. Qf3 Ndb4 9. 0-0-0 Nd4 10. Qe4 Bd6 11. Bb5+ Kf8 12. g4 f5 13. gxf5 Bxf5 14. Qg2 Qc7 15. f4 Nxb5 16. Rf1 Nxa2+ 17. Kb1 Naxc3+ 18. Bxc3 Nxc3+ 0-1

[Event "Pyramiden Franken Cup 5th"]
[Site "Fuerth"]
[Date "2002.08.31"]
[Round "1"]
[White "Wobbe, Sven"]
[Black "Zabarskij, Oleg"]
[Result "1/2-1/2"]
[WhiteElo "2216"]
[BlackElo "1807"]
[PlyCount "141"]
[EventDate "2002.08.31"]
[EventType "swiss"]
[EventRounds "9"]
[EventCountry "GER"]
[SourceTitle "CBM 090 Extra"]
[Source "ChessBase"]
[SourceDate "2002.11.07"]
[SourceVersion "1"]
[SourceVersionDate "2002.11.07"]
[SourceQuality "1"]

1. e4 e5 2. Nf3 d6 3. Bc4 Qe7 4. 0-0 Bg4 5. c3 Nd7 6. d3 h6 7. Be3 Ngf6 8. Nbd2 Nh7 9. h3 Bh5 10. Qe1 g5 11. Nh2 Nhf6 12. f3 Bg6 13. d4 Nh5 14. dxe5 dxe5 15. Qf2 Nf4 16. Rfd1 h5 17. Ndf1 g4 18. fxg4 hxg4 19. Nxg4 0-0-0 20. Bxf4 exf4 21. Qxf4 Qc5+ 22. Nfe3 Bd6 23. Qf3 Ne5 24. Nxe5 Qxe5 25. Bd3 Bh5 26. Ng4 Qc5+ 27. Kf1 Kb8 28. Be2 Bxg4 29. Qxg4 Rdg8 30. Qf5 Qb6 31. b4 f6 32. Qf2 Qc6 33. Qe3 Be5 34. Rac1 Qe6 35. Rc2 f5 36. Bf3 f4 37. Qd3 Qf6 38. c4 a6 39. c5 c6 40. a4 Qg5 41. Qd7 Qg3 42. b5 Rd8 43. Qf5 Rxd1+ 44. Bxd1 Bd4 45. Qg4 Qe3 46. Qf3 Qg1+ 47. Ke2 Be3 48. Qf1 Qh2 49. bxc6 bxc6 50. Kd3 Rd8+ 51. Kc3 Ka7 52. Kb3 Qg3 53. Bf3 Qg7 54. Ka2 Rd4 55. Ka3 Qd7 56. Rc3 Rd2 57. Qb1 Qc7 58. e5 Bd4 59. Qb6+ Qxb6 60. cxb6+ Kxb6 61. Rxc6+ Ka5 62. e6 Rd3+ 63. Ka2 Kxa4 64. Rxa6+ Kb4 65. Ra8 Re3 66. Re8 Re1 67. Rb8+ Kc4 68. Rc8+ Kb4 69. Rb8+ Kc4 70. Rc8+ Kb4 71. Rb8+ 1/2-1/2

[Event "Nuremberg-ch op 02nd"]
[Site "Nuremberg"]
[Date "2002.06.23"]
[Round "5"]
[White "Zabarskij, Oleg"]
[Black "Schulz, Kai Tober"]
[Result "0-1"]
[WhiteElo "1817"]
[BlackElo "2083"]
[PlyCount "94"]
[EventDate "2002.06.21"]
[EventType "swiss"]
[EventRounds "5"]
[EventCountry "GER"]
[SourceTitle "EXT 2006"]
[Source "ChessBase"]
[SourceDate "2005.11.24"]
[SourceVersion "1"]
[SourceVersionDate "2005.11.24"]
[SourceQuality "1"]

1. e4 e6 2. d4 d5 3. e5 c5 4. c3 Nc6 5. Nf3 Bd7 6. Be2 a6 7. 0-0 cxd4 8. cxd4 Qb6 9. b3 Rc8 10. Be3 Nge7 11. Nbd2 Nf5 12. Kh1 Ba3 13. Bd3 Nxe3 14. fxe3 Nb4 15. Ne1 Bb5 16. Bxb5+ Qxb5 17. Kg1 Nd3 18. Ndf3 Nxe1 19. Nxe1 0-0 20. Qg4 Be7 21. Rf3 Qe2 22. Qg3 Rc3 23. Qf2 Qxf2+ 24. Kxf2 f5 25. exf6 Bxf6 26. Ke2 Rfc8 27. Rd1 Rc1 28. Rf1 Bg5 29. Rf3 Be7 30. Rf1 Ba3 31. Rd2 Bb4 32. Rd1 Bxe1 33. Rfxe1 R8c2+ 34. Rd2 Rc3 35. Rdd1 Rxd1 36. Rxd1 Rc2+ 37. Rd2 Rc3 38. Kf3 Kf7 39. Rf2 Ke7 40. Kf4 a5 41. h4 b5 42. h5 a4 43. bxa4 bxa4 44. g4 a3 45. g5 Rc1 46. g6 hxg6 47. hxg6 Rb1 0-1

[Event "Nuremberg-ch op 02nd"]
[Site "Nuremberg"]
[Date "2002.06.21"]
[Round "1"]
[White "Collmann, Martin"]
[Black "Zabarskij, Oleg"]
[Result "0-1"]
[WhiteElo "1336"]
[BlackElo "1804"]
[PlyCount "48"]
[EventDate "2002.06.21"]
[EventType "swiss"]
[EventRounds "5"]
[EventCountry "GER"]
[SourceTitle "EXT 2006"]
[Source "ChessBase"]
[SourceDate "2005.11.24"]
[SourceVersion "1"]
[SourceVersionDate "2005.11.24"]
[SourceQuality "1"]

1. e4 e5 2. Nf3 d6 3. d4 Qe7 4. dxe5 dxe5 5. b3 f6 6. Bb2 Be6 7. Nbd2 Nd7 8. Bc4 0-0-0 9. 0-0 g5 10. Bxe6 Qxe6 11. Nc4 h5 12. Qd5 Qe8 13. Qa5 Kb8 14. Ba3 h4 15. Bxf8 Qxf8 16. Qb5 a6 17. Qa5 Ne7 18. Rab1 Nc6 19. Qa4 Nc5 20. Qa3 Nxe4 21. b4 g4 22. Ne1 Nd4 23. Qe3 Nc3 24. Rb2 Nd1 0-1

[Event "Mittelfranken Mitte-ch 0102"]
[Site "Zirndorf"]
[Date "2002.??.??"]
[Round "2"]
[White "Zabarskij, Oleg"]
[Black "Konsek, Peter"]
[Result "0-1"]
[WhiteElo "1759"]
[BlackElo "1979"]
[PlyCount "72"]
[EventDate "2002.01.12"]
[EventType "swiss"]
[EventRounds "7"]
[EventCountry "GER"]
[SourceTitle "EXT 2015"]
[Source "ChessBase"]
[SourceDate "2014.11.20"]
[SourceVersion "1"]
[SourceVersionDate "2014.11.20"]
[SourceQuality "1"]

1. e4 d5 2. e5 Bf5 3. d3 c5 4. f4 e6 5. Nf3 Nc6 6. c3 h5 7. Be2 Nh6 8. 0-0 Be7 9. a3 a5 10. a4 h4 11. h3 Bh7 12. Na3 Nf5 13. Nb5 0-0 14. Re1 d4 15. c4 Ng3 16. Bd2 Kh8 17. Kh2 Nb4 18. Bxb4 axb4 19. b3 g5 20. fxg5 Bxg5 21. Nxg5 Qxg5 22. Bf3 Qf4 23. Kg1 Rab8 24. Nd6 Nf5 25. Nxb7 Ne3 26. Qe2 Qxe5 27. Ra2 Qc7 28. Be4 f5 29. Bf3 Rxb7 30. Bxb7 Qxb7 31. Qh5 Rg8 32. Ree2 Qe7 33. a5 e5 34. a6 e4 35. dxe4 Qxe4 36. a7 Qb1+ 0-1

[Event "Pyramiden Franken Cup 4th"]
[Site "Fuerth"]
[Date "2001.08.25"]
[Round "8"]
[White "Zabarskij, Oleg"]
[Black "Thoma, Dirk"]
[Result "1-0"]
[WhiteElo "1800"]
[BlackElo "1303"]
[PlyCount "61"]
[EventDate "2001.08.18"]
[EventType "swiss"]
[EventRounds "9"]
[EventCountry "GER"]
[SourceTitle "EXT 2010"]
[Source "ChessBase"]
[SourceDate "2010.11.25"]
[SourceVersion "1"]
[SourceVersionDate "2010.11.25"]
[SourceQuality "1"]

1. e4 c5 2. d4 cxd4 3. Qxd4 Nc6 4. Qe3 d6 5. Nc3 g6 6. Bd2 a6 7. 0-0-0 Bg7 8. f4 e6 9. g4 Nge7 10. Nf3 0-0 11. Bg2 b5 12. h4 b4 13. Na4 Qa5 14. b3 d5 15. e5 Rb8 16. h5 d4 17. Nxd4 Nxd4 18. Qxd4 Nd5 19. hxg6 fxg6 20. f5 Rd8 21. Bg5 Bb7 22. Bxd8 Rxd8 23. f6 Bf8 24. Qa7 Qc7 25. Bxd5 Rc8 26. Bxe6+ Kh8 27. Bxc8 Qxc8 28. Qd4 Bxh1 29. Rxh1 h5 30. gxh5 Bh6+ 31. Kb1 1-0

[Event "Pyramiden Franken Cup 4th"]
[Site "Fuerth"]
[Date "2001.08.24"]
[Round "7"]
[White "Klaus, Daniel"]
[Black "Zabarskij, Oleg"]
[Result "1-0"]
[WhiteElo "2038"]
[BlackElo "1800"]
[PlyCount "48"]
[EventDate "2001.08.18"]
[EventType "swiss"]
[EventRounds "9"]
[EventCountry "GER"]
[SourceTitle "EXT 2010"]
[Source "ChessBase"]
[SourceDate "2010.11.25"]
[SourceVersion "1"]
[SourceVersionDate "2010.11.25"]
[SourceQuality "1"]

1. e4 e5 2. f4 d6 3. Nf3 Bg4 4. Bc4 Qe7 5. 0-0 Nd7 6. d4 0-0-0 7. Nc3 c6 8. Be3 Kb8 9. d5 c5 10. a3 g6 11. Qd3 f5 12. b4 exf4 13. Bxf4 Bxf3 14. Qxf3 g5 15. Bg3 f4 16. Be1 h5 17. Na4 Bh6 18. bxc5 Nxc5 19. Nxc5 dxc5 20. e5 g4 21. Qd3 Bg7 22. e6 f3 23. d6 Qg5 24. Qe4 Bh6 1-0

[Event "Pyramiden Franken Cup 4th"]
[Site "Fuerth"]
[Date "2001.08.22"]
[Round "5"]
[White "Kaiser, Helmut"]
[Black "Zabarskij, Oleg"]
[Result "1/2-1/2"]
[WhiteElo "1944"]
[BlackElo "1800"]
[PlyCount "39"]
[EventDate "2001.08.18"]
[EventType "swiss"]
[EventRounds "9"]
[EventCountry "GER"]
[SourceTitle "EXT 2010"]
[Source "ChessBase"]
[SourceDate "2010.11.25"]
[SourceVersion "1"]
[SourceVersionDate "2010.11.25"]
[SourceQuality "1"]

1. e4 e5 2. Nf3 d6 3. d4 Qe7 4. d5 f5 5. Nc3 f4 6. b3 Nf6 7. Ba3 g6 8. Be2 Bg7 9. Bb5+ Bd7 10. Bxd7+ Nbxd7 11. Ng5 Nf8 12. Nf3 a6 13. Qe2 N6d7 14. h4 h6 15. 0-0-0 Nh7 16. Rdg1 Qf6 17. Kb1 Rf8 18. Rd1 Rd8 19. Rd2 Rf7 20. Rhd1 1/2-1/2

[Event "Pyramiden Franken Cup 4th"]
[Site "Fuerth"]
[Date "2001.08.20"]
[Round "3"]
[White "Hohner, Karl Heinz"]
[Black "Zabarskij, Oleg"]
[Result "1/2-1/2"]
[WhiteElo "2050"]
[BlackElo "1800"]
[PlyCount "76"]
[EventDate "2001.08.18"]
[EventType "swiss"]
[EventRounds "9"]
[EventCountry "GER"]
[SourceTitle "EXT 2010"]
[Source "ChessBase"]
[SourceDate "2010.11.25"]
[SourceVersion "1"]
[SourceVersionDate "2010.11.25"]
[SourceQuality "1"]

1. e4 e5 2. Nf3 d6 3. d4 Qe7 4. Bc4 Bg4 5. Nc3 c6 6. Be3 Nd7 7. Bb3 0-0-0 8. h3 Bxf3 9. Qxf3 f6 10. d5 c5 11. Qe2 g6 12. g4 h5 13. 0-0-0 h4 14. Qd2 g5 15. Nb5 a6 16. Na3 Nb6 17. Qe2 Na8 18. Bd2 Qc7 19. Qe1 Kd7 20. c4 Ke8 21. Nc2 Rb8 22. Ne3 Nh6 23. Bc3 Be7 24. Kd2 Bd8 25. Ke2 b5 26. Rb1 b4 27. Bd2 Rh7 28. Ba4+ Kf8 29. Qd1 Nb6 30. Bc6 Nc8 31. Qa4 Qa7 32. Rhc1 Rc7 33. Qd1 Ne7 34. Ba4 Ng6 35. Nf5 Nxf5 36. gxf5 Nf4+ 37. Bxf4 exf4 38. Kf1 Rh7 1/2-1/2

[Event "Nuremberg-ch op 01st"]
[Site "Nuremberg"]
[Date "2001.06.02"]
[Round "3"]
[White "Zabarskij, Oleg"]
[Black "Doerfler, Christian"]
[Result "1-0"]
[WhiteElo "1867"]
[BlackElo "1635"]
[PlyCount "91"]
[EventDate "2001.06.01"]
[EventType "swiss"]
[EventRounds "5"]
[EventCountry "GER"]
[SourceTitle "EXT 2003"]
[Source "ChessBase"]
[SourceDate "2002.11.25"]
[SourceVersion "1"]
[SourceVersionDate "2002.11.25"]
[SourceQuality "1"]

1. e4 e5 2. Nf3 Nc6 3. d4 exd4 4. Nxd4 Nf6 5. Nxc6 dxc6 6. Qxd8+ Kxd8 7. Bd3 Be6 8. Nc3 g6 9. h3 h6 10. Be3 Bb4 11. Bd4 Ke7 12. a3 Ba5 13. f4 Bb6 14. Bxb6 axb6 15. 0-0 Rhd8 16. Rae1 Kf8 17. f5 gxf5 18. exf5 Bd5 19. Ne4 Bxe4 20. Bxe4 Nxe4 21. Rxe4 Rd2 22. Rf2 Rd1+ 23. Kh2 Re8 24. Rxe8+ Kxe8 25. Kg3 Ke7 26. Kh4 Kf6 27. Kh5 Rd8 28. g4 Rg8 29. Rd2 Re8 30. h4 c5 31. b3 c4 32. Rd7 cxb3 33. cxb3 Rc8 34. a4 b5 35. axb5 b6 36. Rd3 Re8 37. Rc3 Re5 38. Kxh6 Rxb5 39. Rf3 Rb4 40. g5+ Ke5 41. Kg7 Rxh4 42. Kxf7 Ke4 43. Rf1 Rh7+ 44. Kg8 Rh5 45. g6 Ke5 46. f6 1-0

[Event "Mittelfranken Mitte-ch 9899"]
[Site "Zirndorf"]
[Date "1999.??.??"]
[Round "6"]
[White "Diehl, Achim"]
[Black "Zabarskij, Oleg"]
[Result "0-1"]
[WhiteElo "1912"]
[BlackElo "1927"]
[PlyCount "100"]
[EventDate "1999.01.23"]
[EventType "swiss"]
[EventRounds "7"]
[EventCountry "GER"]
[SourceTitle "EXT 2015"]
[Source "ChessBase"]
[SourceDate "2014.11.20"]
[SourceVersion "1"]
[SourceVersionDate "2014.11.20"]
[SourceQuality "1"]

1. c4 f5 2. d4 Nf6 3. Nc3 e6 4. Qc2 d5 5. Nf3 Be7 6. Bf4 c6 7. e3 Ne4 8. Bd3 0-0 9. h4 Nd7 10. 0-0-0 Ndf6 11. Ne5 Qa5 12. f3 Nxc3 13. bxc3 c5 14. Kb1 Bd7 15. Nxd7 Nxd7 16. Qb3 b5 17. cxb5 c4 18. Bxc4 dxc4 19. Qxc4 Kf7 20. d5 Nb6 21. dxe6+ Kg8 22. Qb3 Rac8 23. Rc1 Rfd8 24. Bg5 Kf8 25. Bxe7+ Kxe7 26. c4 a6 27. bxa6 Qxa6 28. Qb5 Qa7 29. Qxf5 Rf8 30. Qe5 Qb8 31. Qxg7+ Kxe6 32. Rhd1 Nxc4+ 33. Ka1 Qe5+ 34. Qxe5+ Nxe5 35. Rxc8 Rxc8 36. Kb2 Rb8+ 37. Kc3 Rg8 38. Rd2 Rc8+ 39. Kb3 Rb8+ 40. Ka4 Ra8+ 41. Kb5 Rb8+ 42. Ka6 Ra8+ 43. Kb7 Ra4 44. e4 Nc4 45. Re2 Kd7 46. a3 Rxa3 47. Rc2 Ra4 48. f4 Rb4+ 49. Ka6 Kc6 50. Ka7 Kc7 0-1